00181nam a2200085Ia 4500008004100000041000800041100001300049245002400062260000900086240625s9999 xx 000 0 und d aeng aPC QUEST aPC QUEST DVD XTREME c2008